<?xml version="1.0" encoding="UTF-8"?>
<record
    xmlns:xsi="http://www.w3.org/2001/XMLSchema-instance"
    xsi:schemaLocation="http://www.loc.gov/MARC21/slim http://www.loc.gov/standards/marcxml/schema/MARC21slim.xsd"
    xmlns="http://www.loc.gov/MARC21/slim">

  <leader>01614nam a2200181   4500</leader>
  <datafield tag="999" ind1=" " ind2=" ">
    <subfield code="c">38503</subfield>
    <subfield code="d">38503</subfield>
  </datafield>
  <datafield tag="082" ind1=" " ind2=" ">
    <subfield code="a">RP.0372</subfield>
  </datafield>
  <datafield tag="100" ind1=" " ind2=" ">
    <subfield code="a">&#x92A;&#x93E;&#x923;&#x94D;&#x921;&#x947;&#x92F; , &#x938;&#x92E;&#x940;&#x930; &#x915;&#x941;&#x92E;&#x93E;&#x930;</subfield>
    <subfield code="u">&#x938;&#x902;&#x924; &#x924;&#x941;&#x932;&#x938;&#x940;&#x926;&#x93E;&#x938; &#x938;&#x94D;&#x928;&#x93E;&#x924;&#x915;&#x94B;&#x924;&#x94D;&#x924;&#x930; &#x92E;&#x939;&#x93E;&#x935;&#x93F;&#x927;&#x94D;&#x92F;&#x93E;&#x932;&#x92F; </subfield>
    <subfield code="v">&#x915;&#x93E;&#x926;&#x940;&#x92A;&#x941;&#x930; , &#x938;&#x941;&#x932;&#x94D;&#x924;&#x93E;&#x928;&#x92A;&#x941;&#x930; - &#x909;&#x924;&#x94D;&#x924;&#x930; &#x92A;&#x94D;&#x930;&#x926;&#x947;&#x936; </subfield>
  </datafield>
  <datafield tag="245" ind1=" " ind2=" ">
    <subfield code="a">&#x92A;&#x902;&#x91A;&#x93E;&#x92F;&#x924;&#x940; &#x930;&#x93E;&#x91C; &#x935;&#x94D;&#x92F;&#x935;&#x938;&#x94D;&#x925;&#x93E; &#x92E;&#x947; &#x92E;&#x939;&#x93F;&#x932;&#x93E;&#x913; &#x915;&#x940; &#x938;&#x939;&#x92D;&#x93E;&#x917;&#x93F;&#x924;&#x93E; &#x90F;&#x935;&#x902; &#x92A;&#x930;&#x93F;&#x92F;&#x93E;&#x935;&#x930;&#x923;&#x940;&#x92F;  &#x936;&#x93F;&#x915;&#x94D;&#x937;&#x93E; &#x915;&#x947; &#x909;&#x928;&#x94D;&#x928;&#x92F;&#x928; &#x92E;&#x947; &#x909;&#x928;&#x915;&#x93E; &#x92F;&#x94B;&#x917;&#x926;&#x93E;&#x928; - &#x935;&#x93F;&#x936;&#x94D;&#x932;&#x947;&#x937;&#x923;&#x92A;&#x930;&#x915; &#x905;&#x927;&#x94D;&#x92F;&#x92F;&#x928; :</subfield>
    <subfield code="b">&#x92A;&#x942;&#x930;&#x94D;&#x935;&#x940; &#x909;&#x924;&#x94D;&#x924;&#x930; &#x92A;&#x94D;&#x930;&#x926;&#x947;&#x936; &#x915;&#x947; &#x905;&#x92E;&#x947;&#x920;&#x940; &#x90F;&#x935;&#x902; &#x938;&#x941;&#x932;&#x94D;&#x924;&#x93E;&#x928;&#x92A;&#x941;&#x930; &#x91C;&#x928;&#x92A;&#x926; &#x915;&#x947; &#x935;&#x93F;&#x936;&#x947;&#x937; &#x938;&#x902;&#x927;&#x930;&#x92D; &#x92E;&#x947; </subfield>
    <subfield code="c">/ &#x938;&#x92E;&#x940;&#x930; &#x915;&#x941;&#x92E;&#x93E;&#x930; &#x92A;&#x93E;&#x923;&#x94D;&#x921;&#x947;&#x92F;</subfield>
  </datafield>
  <datafield tag="246" ind1=" " ind2=" ">
    <subfield code="a">panchaayatee raaj vyavastha me mahilao kee sahabhaagita evan pariyaavaneey shiksha ke unnayan me unaka yogadaan - vishleshanaparak adhyayan</subfield>
  </datafield>
  <datafield tag="260" ind1=" " ind2=" ">
    <subfield code="a">&#x938;&#x941;&#x932;&#x94D;&#x924;&#x93E;&#x928;&#x92A;&#x941;&#x930; - &#x909;&#x924;&#x94D;&#x924;&#x930; &#x92A;&#x94D;&#x930;&#x926;&#x947;&#x936; :</subfield>
    <subfield code="b">&#x938;&#x902;&#x924; &#x924;&#x941;&#x932;&#x938;&#x940;&#x926;&#x93E;&#x938; &#x938;&#x94D;&#x928;&#x93E;&#x924;&#x915;&#x94B;&#x924;&#x94D;&#x924;&#x930; &#x92E;&#x939;&#x93E;&#x935;&#x93F;&#x927;&#x94D;&#x92F;&#x93E;&#x932;&#x92F; ,</subfield>
    <subfield code="c">2017</subfield>
  </datafield>
  <datafield tag="300" ind1=" " ind2=" ">
    <subfield code="a">III, 352p.</subfield>
  </datafield>
  <datafield tag="500" ind1=" " ind2=" ">
    <subfield code="a">Bibliography Included</subfield>
  </datafield>
  <datafield tag="536" ind1=" " ind2=" ">
    <subfield code="a">Indian Council of Social Science Research (ICSSR)</subfield>
  </datafield>
  <datafield tag="546" ind1=" " ind2=" ">
    <subfield code="a">Hindi</subfield>
  </datafield>
  <datafield tag="650" ind1=" " ind2=" ">
    <subfield code="a">&#x92A;&#x902;&#x91A;&#x93E;&#x92F;&#x924;&#x940; &#x930;&#x93E;&#x91C;</subfield>
    <subfield code="a">&#x92A;&#x930;&#x93F;&#x92F;&#x93E;&#x935;&#x930;&#x923;</subfield>
    <subfield code="v"> </subfield>
    <subfield code="x">&#x938;&#x92E;&#x93E;&#x91C; &#x936;&#x93E;&#x938;&#x94D;&#x924;&#x94D;&#x930;</subfield>
  </datafield>
  <datafield tag="650" ind1=" " ind2=" ">
    <subfield code="a">Panchayti Raaj</subfield>
    <subfield code="a">Environment</subfield>
    <subfield code="v">Women Participation</subfield>
    <subfield code="x">Sociology</subfield>
  </datafield>
  <datafield tag="942" ind1=" " ind2=" ">
    <subfield code="2">ddc</subfield>
    <subfield code="c">RP</subfield>
  </datafield>
  <datafield tag="952" ind1=" " ind2=" ">
    <subfield code="0">0</subfield>
    <subfield code="1">0</subfield>
    <subfield code="4">0</subfield>
    <subfield code="7">1</subfield>
    <subfield code="8">MRP</subfield>
    <subfield code="a">NASSDOC</subfield>
    <subfield code="b">NASSDOC</subfield>
    <subfield code="d">2023-06-21</subfield>
    <subfield code="e">Major Research Report Division</subfield>
    <subfield code="l">0</subfield>
    <subfield code="o">RP.0372</subfield>
    <subfield code="p">53721</subfield>
    <subfield code="r">2023-06-21 00:00:00</subfield>
    <subfield code="w">2023-06-21</subfield>
    <subfield code="y">RP</subfield>
  </datafield>
</record>
